[Event "Brühler SK 1 - PSV Duisburg 1"]
[Site "NRW-Klasse, Gruppe 1 2016/201"]
[Date "2016.11.13"]
[Round "3.2"]
[White "Keller, Thomas"]
[Black "Heisel, Guido"]
[Result "0-1"]
[WhiteElo "2240"]
[BlackElo "2088"]
[PlyCount "88"]
[EventDate "2016.??.??"]
[WhiteTeam "Brühler SK 1"]
[BlackTeam "PSV Duisburg 1"]

1. e4 d5 2. exd5 Nf6 3. c4 e6 4. dxe6 Bxe6 5. Be2 Nc6 6. Nf3 Bc5 7. O-O O-O 8.
Nc3 Re8 9. d3 Qd6 10. Bg5 Bg4 11. Qd2 Bb4 12. Rfe1 Rxe2 13. Rxe2 Bxf3 14. gxf3
Nd4 15. Qe3 Nxe2+ 16. Qxe2 Bxc3 17. bxc3 Re8 18. Qf1 Nd7 19. f4 Nf8 20. f5 Qe5
21. Bh4 Qxf5 22. Bg3 c6 23. d4 h5 24. Re1 Re6 25. f3 Ng6 26. Rxe6 Qxe6 27. Kf2
Qf5 28. Qe2 Kh7 29. Bc7 Qd7 30. Bb8 Qd8 31. Bxa7 Qc7 32. c5 Qxh2+ 33. Ke1 Qg1+
34. Kd2 Qa1 35. Bb8 Qxa2+ 36. Kd3 Qb1+ 37. Ke3 Qg1+ 38. Kd3 Qb1+ 39. Ke3 h4 40.
Bd6 Qg1+ 41. Kd3 f5 42. Qh2 Qb1+ 43. Ke3 Qc1+ 44. Kd3 f4 0-1

[Event "Brühler SK 1 - PSV Duisburg 1"]
[Site "NRW-Klasse, Gruppe 1 2016/201"]
[Date "2016.11.13"]
[Round "3.3"]
[White "Sirringhaus, Wilfried"]
[Black "Schaefer, Juergen"]
[Result "1-0"]
[WhiteElo "2104"]
[BlackElo "2196"]
[PlyCount "71"]
[EventDate "2016.??.??"]
[WhiteTeam "PSV Duisburg 1"]
[BlackTeam "Brühler SK 1"]

1. e4 d6 2. d4 Nf6 3. Nc3 g6 4. Be2 Bg7 5. Be3 a6 6. f4 h5 7. Nf3 b5 8. e5 Ng4
9. Bg1 Bb7 10. Qd3 e6 11. O-O-O Bh6 12. g3 h4 13. Kb1 dxe5 14. fxe5 c5 15. d5
Nd7 16. Qe4 Ndxe5 17. Bxc5 f5 18. Qd4 Be3 19. Qb4 Bxc5 20. Qxc5 Nxf3 21. Bxf3
Rc8 22. Qa7 Ba8 23. dxe6 Qc7 24. Qxc7 Rxc7 25. Bxa8 Nf2 26. Nd5 Rc5 27. Nf6+
Ke7 28. Nd5+ Ke8 29. Rhe1 Nxd1 30. Rxd1 hxg3 31. hxg3 Rh3 32. Re1 Rxg3 33. e7
Rc8 34. Bb7 Rb8 35. Bxa6 Kf7 36. Bxb5 1-0

[Event "Brühler SK 1 - PSV Duisburg 1"]
[Site "NRW-Klasse, Gruppe 1 2016/201"]
[Date "2016.11.13"]
[Round "3.4"]
[White "Schiffer, Stefan"]
[Black "Sponheim, Marko"]
[Result "1/2-1/2"]
[WhiteElo "2168"]
[BlackElo "1989"]
[Annotator "Hausrath,Daniel"]
[PlyCount "106"]
[EventDate "2016.??.??"]
[WhiteTeam "Brühler SK 1"]
[BlackTeam "PSV Duisburg 1"]

1. d4 Nf6 2. c4 c5 3. Nf3 cxd4 4. Nxd4 a6 5. Nc3 d5 6. Bg5 dxc4 7. e3 Qa5 8.
Bxf6 exf6 9. Bxc4 Bb4 10. O-O Bxc3 11. bxc3 O-O 12. Qf3 Nd7 13. Nb3 Qc7 14. Bd5
Rb8 15. c4 b6 16. Rac1 a5 17. h4 a4 18. Nd4 Nc5 19. h5 h6 20. Nc6 Rb7 21. Rfd1
Be6 22. Nd4 Rbb8 23. Nf5 Rfe8 24. e4 Bxf5 25. Qxf5 Re5 26. Qg4 Rg5 27. Qh4 f5
28. exf5 Rxf5 29. Rc3 Re8 30. Rg3 Rf4 31. Rg4 Rxg4 32. Qxg4 Qe5 33. Qf3 Re7 34.
Rb1 Qd6 $11 35. g3 Qc7 36. Qf5 Nd7 37. Rc1 Nc5 38. Rc3 Nd7 39. Kg2 Qe5 40. Qxe5
Rxe5 41. Ra3 Nc5 42. g4 Kf8 43. Kf3 b5 44. Re3 Rxe3+ 45. Kxe3 b4 46. Kd2 f6 47.
Kc2 Ke7 48. f3 Kd6 49. a3 b3+ 50. Kc3 Kc7 51. Bf7 Kd6 52. Bg6 Ke5 53. Bf5 Kd6
1/2-1/2

[Event "Brühler SK 1 - PSV Duisburg 1"]
[Site "NRW-Klasse, Gruppe 1 2016/201"]
[Date "2016.11.13"]
[Round "3.5"]
[White "Brueggemann, Josef"]
[Black "Haskelman, Evgen"]
[Result "1-0"]
[WhiteElo "1945"]
[BlackElo "2170"]
[PlyCount "63"]
[EventDate "2016.??.??"]
[WhiteTeam "PSV Duisburg 1"]
[BlackTeam "Brühler SK 1"]

1. e4 d5 2. exd5 Nf6 3. d4 Nxd5 4. Nf3 Bg4 5. Be2 Nc6 6. O-O e6 7. c3 Bd6 8.
Ne5 Bxe2 9. Qxe2 Bxe5 10. dxe5 Qd7 11. Na3 O-O-O 12. Bg5 f6 13. exf6 gxf6 14.
Bh6 e5 15. Rad1 Qf5 16. Nc4 Rhg8 17. Ne3 Qg6 18. Qf3 Nde7 19. Rxd8+ Rxd8 20.
Qh3+ Kb8 21. Nc4 Rd3 22. Be3 f5 23. Bxa7+ Kxa7 24. Qxd3 Qe6 25. b3 Nd5 26. Ne3
Nde7 27. Rd1 f4 28. Nd5 Nf5 29. Nxc7 Qg6 30. Nb5+ Kb6 31. Nd6 f3 32. Qb5+ 1-0

[Event "Brühler SK 1 - PSV Duisburg 1"]
[Site "NRW-Klasse, Gruppe 1 2016/201"]
[Date "2016.11.13"]
[Round "3.6"]
[White "Spilles, Matthias"]
[Black "Spitzer, Erwin"]
[Result "1/2-1/2"]
[WhiteElo "2174"]
[BlackElo "1915"]
[PlyCount "91"]
[EventDate "2016.??.??"]
[WhiteTeam "Brühler SK 1"]
[BlackTeam "PSV Duisburg 1"]

1. e4 e5 2. Nf3 f5 3. Nxe5 Qf6 4. Nc4 fxe4 5. Nc3 Qg6 6. d3 Bb4 7. Bd2 Bxc3 8.
Bxc3 Nf6 9. dxe4 Nxe4 10. Bd3 O-O 11. O-O Nxc3 12. bxc3 Qf6 13. Qh5 g6 14. Qd5+
Kg7 15. Rae1 Nc6 16. Re3 d6 17. f4 Qf7 18. Qg5 Bf5 19. Nd2 h6 20. Qg3 Bxd3 21.
cxd3 Ne7 22. Re2 d5 23. Qf2 Nc6 24. Qc5 Rae8 25. Rxe8 Rxe8 26. g3 Qe6 27. Qf2
Qe3 28. Qxe3 Rxe3 29. Rf3 Re1+ 30. Rf1 Rxf1+ 31. Kxf1 d4 32. cxd4 Nb4 33. a3
Nc2 34. a4 Nxd4 35. Kf2 Kf7 36. Ke3 c5 37. Nc4 Ke6 38. Ke4 b5 39. axb5 Nxb5 40.
g4 Nd6+ 41. Ke3 Kd5 42. Na5 h5 43. h3 hxg4 44. hxg4 Nf7 45. Nc4 g5 46. fxg5
1/2-1/2

[Event "Brühler SK 1 - PSV Duisburg 1"]
[Site "NRW-Klasse, Gruppe 1 2016/201"]
[Date "2016.11.13"]
[Round "3.7"]
[White "Hehlke, Oliver"]
[Black "Gramb, Marius"]
[Result "0-1"]
[WhiteElo "1762"]
[BlackElo "2055"]
[PlyCount "156"]
[EventDate "2016.??.??"]
[WhiteTeam "PSV Duisburg 1"]
[BlackTeam "Brühler SK 1"]

1. d4 Nf6 2. c4 c5 3. d5 e6 4. Nc3 exd5 5. cxd5 d6 6. Nf3 g6 7. Nd2 Bg7 8. Nc4
O-O 9. Bf4 Ne8 10. Qd2 a6 11. a4 f5 12. g3 b6 13. Bg2 Bb7 14. O-O Qc7 15. e4
Nd7 16. exf5 gxf5 17. Rfe1 Ndf6 18. Bh3 Bc8 19. Re2 Rb8 20. a5 bxa5 21. Qe1 Rb4
22. Re7 Qd8 23. Nxa5 Bd7 24. Nc6 Bxc6 25. Qe6+ Kh8 26. dxc6 Rb6 27. Bg2 Rxb2
28. Rb7 Rc2 29. Qb3 Rxc3 30. Qxc3 Ne4 31. Qa5 Qc8 32. Rd1 Qxc6 33. Rb6 Qc7 34.
Qxa6 Bd4 35. Be3 Bg7 36. Rb7 Qc8 37. Bxe4 fxe4 38. Qa7 Qf5 39. Rb8 Qf3 40. Rdb1
Qf6 41. Qd7 Qg6 42. Rc1 Be5 43. Qe7 Bg7 44. Rc4 Qh5 45. Rc1 Qg6 46. h4 Kg8 47.
Kh2 Bd4 48. Bxd4 cxd4 49. Kg2 d3 50. Rb5 Qf6 51. Rg5+ Kh8 52. Qxf6+ Nxf6 53.
Rf5 Kg7 54. Kf1 Kf7 55. Ra5 Rb8 56. Ra2 Ke6 57. Ke1 Rb5 58. Kd2 Ke5 59. Rca1
Rb6 60. Ra5+ d5 61. R1a2 Ng4 62. Kc3 Rc6+ 63. Kb4 Rf6 64. Ra7 Kd4 65. Rxh7 Nxf2
66. Re7 e3 67. g4 Nxg4 68. Rg2 Rf4 69. h5 d2 70. Rg1 Nf2 71. h6 d1=Q 72. Rxd1+
Nxd1 73. h7 Rh4 74. Kb3 Kd3 75. Rg7 d4 76. Rg1 e2 77. Rg3+ Ne3 78. Rg1 Nf1 0-1

[Event "Brühler SK 1 - PSV Duisburg 1"]
[Site "NRW-Klasse, Gruppe 1 2016/201"]
[Date "2016.11.13"]
[Round "3.8"]
[White "Engel, Johann"]
[Black "Schiffer, Kai-Uwe"]
[Result "1-0"]
[WhiteElo "1911"]
[BlackElo "2228"]
[PlyCount "45"]
[EventDate "2016.??.??"]
[WhiteTeam "Brühler SK 1"]
[BlackTeam "PSV Duisburg 1"]

1. d4 Nf6 2. Nf3 e6 3. c4 b6 4. Nc3 Bb4 5. Bg5 Bb7 6. e3 h6 7. Bxf6 Bxc3+ 8.
bxc3 Qxf6 9. Bd3 c5 10. O-O Nc6 11. Rb1 d6 12. Be4 Na5 13. Qa4+ Kf8 14. Bxb7
Nxb7 15. Rxb6 Qe7 16. Rfb1 Nd8 17. Nd2 Kg8 18. Qa6 d5 19. Rb8 Rxb8 20. Rxb8
cxd4 21. cxd4 dxc4 22. Nxc4 Kh7 23. Qd6 1-0

[Event "Bochumer SV 1 - Bielefelder SK 1"]
[Site "NRW-Klasse, Gruppe 1 2016/201"]
[Date "2016.12.11"]
[Round "4.1"]
[White "Gruen, Gerd-Peter"]
[Black "Zaitsev, Mikhail"]
[Result "0-1"]
[WhiteElo "2214"]
[BlackElo "2463"]
[PlyCount "98"]
[EventDate "2016.??.??"]
[WhiteTeam "Bielefelder SK 1"]
[BlackTeam "Bochumer SV 1"]

1. d4 d5 2. Nf3 Nf6 3. c4 e6 4. g3 dxc4 5. Bg2 Bb4+ 6. Bd2 a5 7. O-O O-O 8. Bg5
h6 9. Bxf6 Qxf6 10. Qc2 Nc6 11. Qxc4 Rd8 12. Rd1 e5 13. d5 b5 14. Qc2 Bf5 15.
Qc1 e4 16. Nh4 Bh7 17. Nc3 Bxc3 18. Qxc3 Qxc3 19. bxc3 Ne7 20. Bf1 Nxd5 21.
Rac1 Nb6 22. e3 c6 23. g4 Kf8 24. Rd4 Ke7 25. Nf5+ Bxf5 26. gxf5 Rxd4 27. cxd4
Kd6 28. Kg2 Nd5 29. Kg3 g6 30. fxg6 Rg8 31. f3 Rxg6+ 32. Kf2 f5 33. f4 Rg7 34.
Bh3 Rf7 35. Rg1 b4 36. Rg6+ Kc7 37. Rxh6 a4 38. Rg6 Rh7 39. Bxf5 Rxh2+ 40. Kg3
Re2 41. Be6 b3 42. axb3 axb3 43. Bxd5 cxd5 44. Rh6 b2 45. Rh1 Rxe3+ 46. Kg4 Rb3
47. Rb1 Kd6 48. f5 Ke7 49. Kg5 e3 0-1

[Event "Bochumer SV 1 - Bielefelder SK 1"]
[Site "NRW-Klasse, Gruppe 1 2016/201"]
[Date "2016.12.11"]
[Round "4.2"]
[White "Zatonskih, Anna"]
[Black "Kruse, Herbert"]
[Result "1-0"]
[WhiteElo "2445"]
[BlackElo "2138"]
[Annotator "Hausrath,Daniel"]
[PlyCount "127"]
[EventDate "2016.??.??"]
[WhiteTeam "Bochumer SV 1"]
[BlackTeam "Bielefelder SK 1"]

1. d4 Nf6 2. c4 e6 3. Nc3 Bb4 4. Nf3 O-O 5. g3 Ne4 6. Qd3 d5 7. Bg2 b6 8. cxd5
exd5 9. O-O Ba6 10. Qc2 Bxc3 11. bxc3 Nd7 12. Re1 Re8 13. Bf4 Bc4 14. Nd2 Nxd2
15. Qxd2 Nf6 16. f3 Nh5 17. Bg5 f6 18. Be3 f5 19. Bg5 Qd7 20. Bh3 h6 21. Be3
Qf7 22. Bf2 Re7 23. Kh1 Rae8 24. e3 f4 25. Bg2 Qg6 26. g4 Nf6 27. h3 h5 28. Kg1
hxg4 29. hxg4 fxe3 30. Bxe3 Qh7 31. a3 Kf7 32. Rad1 a5 33. Rc1 c6 34. Bf2 Qd3
35. Rxe7+ Rxe7 36. Qf4 Kg8 $11 37. Re1 Rxe1+ 38. Bxe1 Qd1 39. Qe3 Qe2 40. Qc1
Bb3 41. Kh2 Bc2 42. Bg3 Bg6 43. Qg5 Kf7 44. Qf4 Kg8 45. Kh3 Kh7 46. Qc7 Be4 47.
Qf4 Bg6 48. Qd6 Be4 49. Qe6 Bd3 50. Qxc6 b5 51. Qc7 Qd2 52. Bf4 Qf2 53. Bg3 Qd2
54. Bh4 Nh5 55. gxh5 Bf5+ 56. Kh2 Qh6 57. Qg3 Qxh5 58. Qg5 Qf7 59. Bg3 Bg6 60.
Qh4+ Kg8 61. Qf4 Bf5 62. Bh3 g6 63. Qb8+ Kh7 64. Qc7 1-0

[Event "Bochumer SV 1 - Bielefelder SK 1"]
[Site "NRW-Klasse, Gruppe 1 2016/201"]
[Date "2016.12.11"]
[Round "4.3"]
[White "Goeßling, Guido"]
[Black "Schneider, Bernd"]
[Result "1-0"]
[WhiteElo "2075"]
[BlackElo "2322"]
[PlyCount "79"]
[EventDate "2016.??.??"]
[WhiteTeam "Bielefelder SK 1"]
[BlackTeam "Bochumer SV 1"]

1. e4 g6 2. d4 Bg7 3. Nc3 d6 4. Be3 Nc6 5. Qd2 e5 6. Nge2 Nf6 7. f3 a6 8. O-O-O
Bd7 9. d5 Na5 10. b3 b5 11. g4 Nb7 12. Ng3 h5 13. g5 Nh7 14. h4 b4 15. Na4 a5
16. Nb2 O-O 17. Kb1 Qe7 18. Nd3 c6 19. f4 exf4 20. Bxf4 Bc3 21. Qf2 c5 22. Bg2
a4 23. e5 dxe5 24. d6 axb3 25. cxb3 Nxd6 26. Nxe5 Bxe5 27. Rhe1 f6 28. Bxa8 Nb5
29. Bd5+ Be6 30. Bxe6+ Qxe6 31. Bxe5 fxe5 32. Qxc5 Nc3+ 33. Kb2 Nxd1+ 34. Rxd1
e4 35. Rd6 Rf2+ 36. Kb1 Qf7 37. Nxe4 Rf1+ 38. Kc2 Rf5 39. Qd4 Qc7+ 40. Kb2 1-0

[Event "Bochumer SV 1 - Bielefelder SK 1"]
[Site "NRW-Klasse, Gruppe 1 2016/201"]
[Date "2016.12.11"]
[Round "4.4"]
[White "Heinbuch, Detlef Ulrich"]
[Black "Forchert, Niko"]
[Result "1/2-1/2"]
[WhiteElo "2247"]
[BlackElo "2058"]
[PlyCount "119"]
[EventDate "2016.??.??"]
[WhiteTeam "Bochumer SV 1"]
[BlackTeam "Bielefelder SK 1"]

1. c4 c6 2. b3 d5 3. Bb2 Nf6 4. Nf3 Bf5 5. g3 e6 6. Bg2 Nbd7 7. O-O Bd6 8. d3
Qe7 9. Nbd2 O-O 10. Nh4 Bg4 11. h3 Bh5 12. Qe1 Be5 13. d4 Bd6 14. e4 dxe4 15.
Nxe4 Nxe4 16. Qxe4 Nf6 17. Qe3 Ba3 18. Bc3 Bb4 19. Bxb4 Qxb4 20. a3 Qb6 21. g4
Bg6 22. Rac1 Rfd8 23. Rfd1 Rd7 24. Rd2 e5 25. d5 Qxe3 26. fxe3 Be4 27. g5 Bxg2
28. gxf6 Be4 29. d6 c5 30. fxg7 Rad8 31. Rcd1 Kxg7 32. Kf2 Kf6 33. Nf3 Bxf3 34.
Kxf3 Ke6 35. Rd5 b6 36. e4 Rxd6 37. Rg1 f5 38. Rg7 fxe4+ 39. Kxe4 Rxd5 40.
cxd5+ Rxd5 41. Rxh7 Rd4+ 42. Ke3 c4 43. bxc4 Rxc4 44. Rxa7 Rc3+ 45. Ke4 Rxh3
46. Rb7 Rb3 47. Rb8 Kd6 48. Rd8+ Kc7 49. Rd5 Rxa3 50. Rxe5 Rc3 51. Kd4 Rc1 52.
Re3 Kc6 53. Rb3 Rh1 54. Rb2 Rh4+ 55. Kc3 Kc5 56. Rg2 Rh3+ 57. Kb2 b5 58. Rf2
Re3 59. Rh2 Kc4 60. Rh4+ 1/2-1/2

[Event "Bochumer SV 1 - Bielefelder SK 1"]
[Site "NRW-Klasse, Gruppe 1 2016/201"]
[Date "2016.12.11"]
[Round "4.5"]
[White "Klatt, Jan"]
[Black "Wolter, Detlev"]
[Result "1/2-1/2"]
[WhiteElo "2075"]
[BlackElo "2197"]
[PlyCount "54"]
[EventDate "2016.??.??"]
[WhiteTeam "Bielefelder SK 1"]
[BlackTeam "Bochumer SV 1"]

1. g3 g6 2. Bg2 Bg7 3. c4 d6 4. Nc3 Nf6 5. d4 O-O 6. Nf3 Nbd7 7. O-O a6 8. e4
e5 9. d5 Nc5 10. Ne1 a5 11. b3 Ne8 12. Nd3 Nxd3 13. Qxd3 f5 14. Ba3 b6 15. Rad1
f4 16. gxf4 exf4 17. Nb5 f3 18. Bxf3 Be5 19. Bg2 Qh4 20. f4 Rxf4 21. h3 Bd7 22.
Nd4 Rxf1+ 23. Rxf1 Qh5 24. Bc1 Ng7 25. Nf3 Bf6 26. Nh2 Be5 27. Nf3 Bf6 1/2-1/2

[Event "Bochumer SV 1 - Bielefelder SK 1"]
[Site "NRW-Klasse, Gruppe 1 2016/201"]
[Date "2016.12.11"]
[Round "4.6"]
[White "Pewny, Uwe"]
[Black "Roemhild, Marcus"]
[Result "1-0"]
[WhiteElo "2204"]
[BlackElo "2012"]
[PlyCount "107"]
[EventDate "2016.??.??"]
[WhiteTeam "Bochumer SV 1"]
[BlackTeam "Bielefelder SK 1"]

1. c4 c5 2. Nf3 g6 3. Nc3 Bg7 4. g3 Nc6 5. Bg2 e5 6. O-O Nge7 7. d3 O-O 8. Ne1
d6 9. Nc2 Rb8 10. Bd2 Be6 11. Ne3 a6 12. Rb1 b5 13. Ned5 f5 14. Nxe7+ Nxe7 15.
Nd5 Bxd5 16. cxd5 a5 17. f4 Qb6 18. Kh1 a4 19. e4 Qa6 20. fxe5 Bxe5 21. Bc3 Bg7
22. Bxg7 Kxg7 23. Qd2 b4 24. Rbe1 Rbe8 25. e5 dxe5 26. Rxe5 Ng8 27. Rfe1 Rxe5
28. Rxe5 Rf6 29. Qc2 Qd6 30. Re1 Ne7 31. Qc4 g5 32. d4 cxd4 33. Qxd4 Kg6 34.
Qd1 a3 35. bxa3 bxa3 36. Qb3 Qc5 37. Qe3 Qxe3 38. Rxe3 Rb6 39. h3 Kf6 40. Rxa3
Rd6 41. Rd3 Ng6 42. a4 f4 43. Be4 Ke5 44. Bxg6 hxg6 45. Kg2 Ke4 46. Rd1 g4 47.
hxg4 fxg3 48. Kxg3 g5 49. a5 Ke5 50. Rf1 Ra6 51. Rf5+ Ke4 52. d6 Rxd6 53. Rxg5
Rd1 54. Rb5 1-0

[Event "Bochumer SV 1 - Bielefelder SK 1"]
[Site "NRW-Klasse, Gruppe 1 2016/201"]
[Date "2016.12.11"]
[Round "4.7"]
[White "Danielmeier, Ralf"]
[Black "Jellinghaus, Lars"]
[Result "1/2-1/2"]
[WhiteElo "1969"]
[BlackElo "2087"]
[PlyCount "86"]
[EventDate "2016.??.??"]
[WhiteTeam "Bielefelder SK 1"]
[BlackTeam "Bochumer SV 1"]

1. e4 e6 2. d4 d5 3. exd5 exd5 4. Bd3 Nc6 5. c3 Bd6 6. Qf3 Nge7 7. Ne2 Be6 8.
Bf4 Ng6 9. Nd2 Nce7 10. g4 Qd7 11. h3 h5 12. gxh5 Nxf4 13. Nxf4 Bxf4 14. Qxf4
Rxh5 15. h4 O-O-O 16. O-O-O Bf5 17. Nf1 Ng6 18. Bxf5 Rxf5 19. Qd2 Rh5 20. Ng3
Rxh4 21. Rxh4 Nxh4 22. Qg5 Ng6 23. Nh5 Qe7 24. Qxe7 Nxe7 25. Nxg7 Rh8 26. Re1
Kd7 27. Re5 Rh1+ 28. Kd2 f6 29. Rh5 Rb1 30. Kc2 Rf1 31. Rh2 Kd6 32. Nh5 Ke6 33.
Nf4+ Kf5 34. Nd3 b6 35. Rh7 Ke6 36. Kd2 a5 37. Ke3 Rb1 38. a3 a4 39. Rh8 Nf5+
40. Ke2 Nd6 41. Kd2 Ne4+ 42. Ke2 Nd6 43. Kd2 Ne4+ 1/2-1/2

[Event "Bochumer SV 1 - Bielefelder SK 1"]
[Site "NRW-Klasse, Gruppe 1 2016/201"]
[Date "2016.12.11"]
[Round "4.8"]
[White "Kraemer, Matthias"]
[Black "Nagel, Jens"]
[Result "1-0"]
[WhiteElo "2192"]
[BlackElo "1963"]
[PlyCount "93"]
[EventDate "2016.??.??"]
[WhiteTeam "Bochumer SV 1"]
[BlackTeam "Bielefelder SK 1"]

1. e4 c5 2. Nf3 e6 3. c3 d5 4. exd5 Qxd5 5. d4 Nf6 6. Be3 cxd4 7. cxd4 Bb4+ 8.
Nc3 Nc6 9. Bd3 O-O 10. O-O Qd8 11. Qc2 Bd6 12. a3 h6 13. Rac1 a6 14. Qe2 Bd7
15. Bb1 Ne7 16. Ne5 Nf5 17. Rfd1 g6 18. Bxf5 exf5 19. Bxh6 Re8 20. Bg5 Be7 21.
Qf3 Ng4 22. Bf4 b5 23. Nd5 Ra7 24. h3 Nf6 25. Nxe7+ Qxe7 26. Bg5 Qd6 27. Nxd7
Nxd7 28. Rc6 Qf8 29. Qd5 Kh7 30. h4 f6 31. Bd2 Nb8 32. Rd6 Qf7 33. Qf3 Re6 34.
Rxe6 Qxe6 35. d5 Qe4 36. Qf4 Qxf4 37. Bxf4 Nd7 38. Rc1 Nb6 39. Be3 Rb7 40. Bxb6
Rxb6 41. Rc6 Rb7 42. Rxa6 Kg7 43. Rc6 Kf7 44. Kf1 b4 45. a4 b3 46. a5 Rb5 47.
Rc7+ 1-0

[Event "SK Münster 1 - Ratinger SK 1"]
[Site "NRW-Klasse, Gruppe 1 2016/201"]
[Date "2016.12.11"]
[Round "4.2"]
[White "Webb, Laurence"]
[Black "Welzel, Philipp"]
[Result "1-0"]
[WhiteElo "2264"]
[BlackElo "2180"]
[Annotator "Hausrath,Daniel"]
[PlyCount "91"]
[EventDate "2016.??.??"]
[WhiteTeam "SK Münster 1"]
[BlackTeam "Ratinger SK 1"]

1. e4 e5 2. Nf3 Nc6 3. d4 exd4 4. Bc4 Bc5 5. c3 Nf6 6. e5 d5 7. Bb5 Ne4 8. cxd4
Bb6 9. Nc3 O-O 10. Be3 Bg4 11. h3 Bh5 12. O-O Ne7 13. Bd3 Nxc3 14. bxc3 Bg6 $11
15. Nh4 Bxd3 16. Qxd3 Qd7 17. Bg5 Ng6 18. Nf5 c6 19. h4 Bd8 20. Qh3 Qe6 21.
Bxd8 Raxd8 22. Qg4 h5 23. Qxh5 Nf4 24. Qg4 Ne2+ 25. Kh2 g6 26. Nh6+ Kg7 27.
Qxe2 Kxh6 28. g3 Qf5 29. Kg2 Kg7 30. Rh1 f6 31. Rae1 Rde8 32. f4 fxe5 33. fxe5
Qe6 34. Ref1 Rxf1 35. Rxf1 Rf8 36. Rxf8 Kxf8 37. Qf3+ Kg7 38. g4 Qe7 39. Kg3
Qa3 40. h5 gxh5 41. gxh5 Qc1 42. Kg4 Qg1+ 43. Qg3 Qf1 44. Kh4+ Kh7 45. Qg6+ Kh8
46. Qf6+ 1-0

[Event "SK Münster 1 - Ratinger SK 1"]
[Site "NRW-Klasse, Gruppe 1 2016/201"]
[Date "2016.12.11"]
[Round "4.3"]
[White "Busch, Christian"]
[Black "Holtel, Jasper"]
[Result "1/2-1/2"]
[WhiteElo "2082"]
[BlackElo "2176"]
[PlyCount "42"]
[EventDate "2016.??.??"]
[WhiteTeam "Ratinger SK 1"]
[BlackTeam "SK Münster 1"]

1. d4 Nf6 2. Bg5 g6 3. Bxf6 exf6 4. e3 b6 5. Be2 Bb7 6. Bf3 c6 7. Ne2 Bg7 8. c4
f5 9. Qc2 O-O 10. O-O Na6 11. Nbc3 Nc7 12. b4 Ne6 13. g3 h5 14. Bg2 Re8 15.
Rad1 Qe7 16. c5 a5 17. a3 axb4 18. axb4 d5 19. cxd6 Qxd6 20. b5 Nd8 21. bxc6
Bxc6 1/2-1/2

[Event "SK Münster 1 - Ratinger SK 1"]
[Site "NRW-Klasse, Gruppe 1 2016/201"]
[Date "2016.12.11"]
[Round "4.4"]
[White "Wolter, Kai"]
[Black "Nent, Alexander"]
[Result "1-0"]
[WhiteElo "2224"]
[BlackElo "2099"]
[PlyCount "49"]
[EventDate "2016.??.??"]
[WhiteTeam "SK Münster 1"]
[BlackTeam "Ratinger SK 1"]

1. e4 c5 2. Nf3 Nc6 3. d4 cxd4 4. Nxd4 Nf6 5. Nc3 e5 6. Ndb5 d6 7. Bg5 a6 8.
Na3 b5 9. Bxf6 gxf6 10. Nd5 f5 11. exf5 Bxf5 12. c3 Bg7 13. Nc2 O-O 14. Nce3
Be6 15. Bd3 f5 16. Bc2 b4 17. O-O bxc3 18. bxc3 Rb8 19. Qh5 Qd7 20. g4 e4 21.
Rad1 Ne5 22. Nxf5 Bxf5 23. gxf5 Rxf5 24. Qxf5 Nf3+ 25. Kh1 1-0

[Event "SK Münster 1 - Ratinger SK 1"]
[Site "NRW-Klasse, Gruppe 1 2016/201"]
[Date "2016.12.11"]
[Round "4.5"]
[White "Graeber, Ralf"]
[Black "Chilla, Jan Eric"]
[Result "1/2-1/2"]
[WhiteElo "2117"]
[BlackElo "2197"]
[PlyCount "63"]
[EventDate "2016.??.??"]
[WhiteTeam "Ratinger SK 1"]
[BlackTeam "SK Münster 1"]

1. c4 e5 2. g3 Nf6 3. Bg2 d5 4. cxd5 Nxd5 5. Nc3 Nb6 6. Nf3 Nc6 7. O-O Be7 8.
Rb1 Be6 9. b4 f6 10. b5 Nd4 11. a4 a5 12. Ne1 Rb8 13. d3 O-O 14. Be3 Qd7 15.
Nc2 f5 16. f4 Bf6 17. fxe5 Bxe5 18. Nxd4 Bxd4 19. Qc1 Rfe8 20. Bf2 Bf7 21. Bf3
Re7 22. Kg2 Rbe8 23. Bxb7 Bxc3 24. Qxc3 Rxe2 25. Bc6 Bd5+ 26. Kg1 Bxc6 27. Qxc6
Qxc6 28. bxc6 Nxa4 29. Rb7 R8e7 30. Ra1 Nb2 31. Bb6 Nxd3 32. Rxc7 1/2-1/2

[Event "SK Münster 1 - Ratinger SK 1"]
[Site "NRW-Klasse, Gruppe 1 2016/201"]
[Date "2016.12.11"]
[Round "4.6"]
[White "Kamp, Christoph"]
[Black "Probst, Andreas"]
[Result "1/2-1/2"]
[WhiteElo "2179"]
[BlackElo "2111"]
[PlyCount "58"]
[EventDate "2016.??.??"]
[WhiteTeam "SK Münster 1"]
[BlackTeam "Ratinger SK 1"]

1. c4 Nf6 2. Nc3 g6 3. e4 d6 4. d4 Bg7 5. Be2 O-O 6. Nf3 e5 7. O-O Nc6 8. d5
Ne7 9. Ne1 Nd7 10. Nd3 f5 11. Bd2 Nf6 12. f3 f4 13. g4 g5 14. Be1 Ng6 15. Kg2
h5 16. h3 Rf7 17. b4 Bf8 18. Bf2 Rh7 19. Rh1 Be7 20. Qb3 Bd7 21. a4 Kg7 22. a5
Qh8 23. Nb5 hxg4 24. hxg4 Nh4+ 25. Bxh4 Rxh4 26. Nf2 c6 27. Nc3 Rf8 28. Rag1
Bd8 29. Qd1 c5 1/2-1/2

[Event "SK Münster 1 - Ratinger SK 1"]
[Site "NRW-Klasse, Gruppe 1 2016/201"]
[Date "2016.12.11"]
[Round "4.7"]
[White "Liedtke, Dirk"]
[Black "Molinaroli, Martin"]
[Result "1/2-1/2"]
[WhiteElo "2102"]
[BlackElo "2219"]
[Annotator "Hausrath,Daniel"]
[PlyCount "120"]
[EventDate "2016.??.??"]
[WhiteTeam "Ratinger SK 1"]
[BlackTeam "SK Münster 1"]

1. c4 g6 2. g3 Bg7 3. Bg2 Nf6 4. Nc3 O-O 5. e4 d6 6. Nge2 c5 7. O-O Nc6 8. d3
a6 9. Rb1 Rb8 10. a3 a5 11. Be3 Ng4 12. Bd2 f5 13. exf5 gxf5 14. h3 Nf6 15. Nb5
e5 16. f4 Be6 17. b3 Qd7 18. Nec3 Bf7 19. Qf3 Nd4 20. Qf2 Rbe8 21. Rfe1 b6 22.
Nxd4 exd4 23. Nb5 d5 24. a4 Ne4 25. dxe4 dxe4 26. Kh2 Re6 27. g4 e3 28. Bxe3
dxe3 29. Rxe3 Rxe3 30. Qxe3 fxg4 31. hxg4 Qxg4 32. Bh3 Qh4 33. Nd6 Bg6 34. f5
Bd4 35. Qe6+ Bf7 36. Nxf7 Qf2+ 37. Bg2 Qh4+ 38. Bh3 Qf4+ 39. Kh1 Qf3+ 40. Kh2
Rxf7 41. Qd5 Qf4+ 42. Kh1 $11 Qg3 43. Qg2 Qxg2+ 44. Kxg2 Rg7+ 45. Kf3 Re7 46.
Kf4 Kf7 47. Bg2 Kf6 48. Rh1 Be5+ 49. Ke4 Bc7+ 50. Kd5 Kxf5 51. Rxh7 Rxh7 52.
Be4+ Kf4 53. Bxh7 Ke3 54. Kc6 Bd8 55. Kd7 Bf6 56. Kc7 Bc3 57. Kxb6 Bb4 58. Kb5
Kd2 59. Bg6 Kc3 60. Bf5 Kxb3 1/2-1/2

[Event "SK Münster 1 - Ratinger SK 1"]
[Site "NRW-Klasse, Gruppe 1 2016/201"]
[Date "2016.12.11"]
[Round "4.8"]
[White "Rott, Georg"]
[Black "Dinescu, Adrian"]
[Result "1-0"]
[WhiteElo "2041"]
[BlackElo "2117"]
[PlyCount "33"]
[EventDate "2016.??.??"]
[WhiteTeam "SK Münster 1"]
[BlackTeam "Ratinger SK 1"]

1. e4 e6 2. d4 d5 3. Nd2 c5 4. exd5 exd5 5. Bb5+ Bd7 6. Bxd7+ Nxd7 7. Ngf3 Bd6
8. O-O Ne7 9. dxc5 Nxc5 10. Nb3 h6 11. Qd4 Ne6 12. Qg4 Ng6 13. Re1 Qf6 14. Nbd4
Ne5 15. Nxe5 Bxe5 16. Nxe6 fxe6 17. Qh5+ 1-0

[Event "SF Neuenkirchen 1 - Brühler SK 1"]
[Site "NRW-Klasse, Gruppe 1 2016/201"]
[Date "2016.12.11"]
[Round "4.1"]
[White "Loifenfeld, Jakov"]
[Black "Wilde, Pierre"]
[Result "1/2-1/2"]
[WhiteElo "2407"]
[BlackElo "2228"]
[PlyCount "80"]
[EventDate "2016.??.??"]
[WhiteTeam "Brühler SK 1"]
[BlackTeam "SF Neuenkirchen 1"]

1. d4 Nf6 2. c4 e6 3. Nf3 b6 4. g3 Bb7 5. Bg2 Be7 6. O-O O-O 7. Re1 Na6 8. Nc3
Ne4 9. Qc2 Nxc3 10. bxc3 f5 11. Ne5 Bxg2 12. Kxg2 Bf6 13. Ba3 d6 14. Nd3 Qd7
15. e4 fxe4 16. Rxe4 Rfe8 17. Rae1 c5 18. Nf4 Nc7 19. Nh5 Qf7 20. Nxf6+ Qxf6
21. Qa4 Red8 22. Bc1 Qf7 23. dxc5 bxc5 24. Qd1 h6 25. Qg4 Kh7 26. Rf4 Qd7 27.
Qf3 Kg8 28. Rg4 Rf8 29. Qe4 Rf6 30. Be3 Rb8 31. Rd1 Qe7 32. Rd2 Rb6 33. h4 Qe8
34. Rf4 Rxf4 35. Bxf4 e5 36. Be3 Qc6 37. Qxc6 Rxc6 38. f4 exf4 39. Bxf4 Ne8 40.
Rb2 Rb6 1/2-1/2